LEADER 01201cam0-22003251i-450- 001 990004863900403321 005 20160524111939.0 035 $a000486390 035 $aFED01000486390 035 $a(Aleph)000486390FED01 035 $a000486390 100 $a19990604d1795----km-y0itay50------ba 101 0 $alat$agrc 140 $aa-------------------bb0----- 200 1 $aBionis et Moschi Reliquiae ex recensione Valckenarii cum varietate lectionis edidit Fridericus Iacobs. Accedunt animadversiones in Carmina Theocriti 210 $aGothae$csumtibus C. W. Ettingert$aAmstelodami$capud I.St.van Esveldt Holtrop et Soc.$d1795 215 $aXXXX, 57, [1] p.$d8° 517 1 $aReliquiae ex recensione Valckenarii cum varietate lectionis edidit Fridericus Iacobs 610 0 $aLibri antichi$aSec. 18 620 $aOlanda.$dAmsterdam 676 $a881$v22$zita 700 0$aBion :$cSmyrnaeus$f<2. saec. a. C.>$0296943 701 1$aMoschus :$cSyracusius$f$0194728 702 1$aIacobs,$bFridericus 801 0$aIT$bUNINA$gRICA$2UNIMARC 901 $aAQ 912 $a990004863900403321 952 $aSG 880 A/31$bR. Bibl. 6926/3218$fFLFBC 959 $aFLFBC 997 $aUNINA LEADER 00955cam0 2200253 450 001 E600200048261 005 20211019070320.0 100 $a20090421d1982 |||||ita|0103 ba 101 $aita 102 $aIT 200 1 $a"Ius civile" e "ius extra rempublicam" nel De iure belli di Alberico Gentili$fVirgilio Ilari 210 $aMilano$cCisalpino-Goliardica$d[1982?] 215 $ap. 536-555$d24 cm. 300 $aEstr. da: Studi in onore di Arnaldo Biscardi, III, 1982 700 1$aIlari$b, Virgilio$3A600200027968$4070$0152222 801 0$aIT$bUNISOB$c20211019$gRICA 850 $aUNISOB 852 $aUNISOB$j340|Opusc$m122472 912 $aE600200048261 940 $aM 102 Monografia moderna SBN 941 $aM 957 $a340|Opusc$b000098$gSi$d122472$racquisto$1menle$2UNISOB$3UNISOB$420090421141228.0$520211019070301.0$6Spinosa 996 $a"Ius civile" e "ius extra rempublicam" nel De iure belli di Alberico Gentili$91681260 997 $aUNISOB